100 Most Visited Websites - Statistics

General Stats
  • This quiz has been taken 195 times
    62 since last reset
  • The average score is 29 of 100
Answer Stats
# Hint Answer % Correct
1 139.95B google.com
97%
2 77.90B youtube.com
97%
14 3.28B amazon.com
89%
4 7.25B instagram.com
89%
3 12.61B facebook.com
87%
8 5.56B pornhub.com
82%
21 2.37B twitter.com
79%
16 3.24B yahoo.com
74%
47 738.29M apple.com
71%
5 7.09B wikipedia.org
71%
49 721.99M ebay.com
66%
25 1.88B microsoftonline.com
66%
19 2.65B tiktok.com
61%
6 6.37B reddit.com
55%
13 3.6B whatsapp.com
55%
7 6.12B bing.com
53%
18 2.66B netflix.com
53%
38 966.77M temu.com
53%
12 3.64B xvideos.com
53%
35 1.06B discord.com
50%
34 1.27B pinterest.com
50%
55 633.69M samsung.com
47%
10 4.67B chatgpt.com
45%
26 1.76B twitch.tv
45%
32 1.38B xhamster.com
45%
71 438.86M walmart.com
42%
31 1.42B xnxx.com
42%
53 668.2M cnn.com
39%
92 308.42M outlook.com
39%
44 779.28M spotify.com
39%
51 685.55M bbc.co.uk
37%
52 679.02M nytimes.com
34%
11 3.68B yandex.ru
34%
37 1.01B aliexpress.com
32%
93 301.34M max.com
32%
50 687.43M telegram.org
32%
85 390.22M disneyplus.com
29%
15 3.25B duckduckgo.com
26%
84 392.08M foxnews.com
26%
20 2.51B msn.com
26%
30 1.44B office.com
26%
28 1.73B linkedin.com
24%
24 1.89B live.com
24%
29 1.47B openai.com
24%
42 865.88M quora.com
24%
96 269.85M aol.com
21%
40 892.81M canva.com
21%
58 579.52M espn.com
21%
82 398.01M google.co.uk
21%
76 419.59M google.de
21%
41 873.13M roblox.com
21%
33 1.35B vk.com
21%
69 468.27M amazon.co.uk
18%
61 556.77M amazon.de
18%
56 627.71M dailymotion.com
18%
36 1.02B mail.ru
18%
81 403.68M primevideo.com
18%
72 436.23M amazon.in
16%
79 412.4M etsy.com
16%
39 942.58M github.com
16%
87 319.6M google.fr
16%
66 478.14M onlyfans.com
16%
100 266.73M ups.com
16%
9 4.78B x.com
16%
64 504.19M zoom.us
16%
48 753.3M globo.com
13%
99 268.12M ikea.com
13%
23 1.99B naver.com
13%
54 641.13M paypal.com
13%
22 2.31B weather.com
13%
17 2.82B yahoo.co.jp
13%
70 457.75M ya.ru
13%
73 431.53M adobe.com
11%
43 864.05M imdb.com
11%
80 410.05M theguardian.com
11%
86 376.01M accuweather.com
8%
46 747.42M amazon.co.jp
8%
60 560.23M booking.com
8%
45 778.64M dzen.ru
8%
83 395.4M ecosia.org
8%
75 421.21M instructure.com
8%
27 1.76B microsoft.com
8%
65 487.59M rakuten.co.jp
8%
63 518.57M rutube.ru
8%
89 313.6M wildberries.ru
8%
98 269.65M yandex.com
8%
95 269.9M archive.org
5%
91 308.51M avito.ru
5%
90 312.21M google.co.jp
5%
94 284.44M google.com.br
5%
67 475.52M ozon.ru
5%
74 430.5M uol.com.br
5%
77 416.74M usps.com
5%
97 269.67M zillow.com
5%
78 414.1M amazonaws.com
3%
57 627.51M bbc.com
3%
68 473.64M daliymail.co.uk
3%
62 535.43M indeed.com
3%
88 318.21M infobae.com
3%
59 568M marca.com
3%
No matching quizzes found
Score Distribution
Percent of People with Each Score
Percentile by Number Answered
Your Score History
You have not taken this quiz since the last reset